River of No Return : (Record no. 585043)

MARC details
000 -LEADER
fixed length control field 00434nam a2200181 a 4500
008 - FIXED-LENGTH DATA ELEMENTS--GENERAL INFORMATION
fixed length control field 250902s2008##################000#0#eng##
020 ## - INTERNATIONAL STANDARD BOOK NUMBER
ISBN 9780300141009
082 04 - DEWEY DECIMAL CLASSIFICATION NUMBER
Classification number 779.9551483097967
Item number HAS
100 1# - MAIN ENTRY--AUTHOR NAME
Personal name Lukitsh, Joanne,
245 10 - TITLE STATEMENT
Title River of No Return :
260 ## - PUBLICATION, DISTRIBUTION, ETC. (IMPRINT)
Year of publication 2008.
650 #0 - SUBJECT ADDED ENTRY--TOPICAL TERM
Topical Term Photography.
942 ## - ADDED ENTRY ELEMENTS (KOHA)
Koha item type English Books
Holdings
Withdrawn status Lost status Damaged status Not for loan Home library Current library Shelving location Date acquired Full call number Accession Number Price effective from Koha item type
        Anna Centenary Library Anna Centenary Library 6TH FLOOR, B WING 02.09.2025 779.9551483097967 HAS 124319 02.09.2025 English Books

Find us on the map